Регионална библиотека "Любен Каравелов" - Русе

Сборник с доклади (Запис номер 497954)

MARC детайли
000 -Лидер
Лидер 01972nam a2200289 a 4500
001 - Контролен номер на записа
Контролен № 497954
003 - Код на организацията, давaща контролен номер
Код на организацията, даваща контролен номер BLK
005 - Дата и час на последна редакция
Дата и час на последна редакция 20240319165510.0
007 - Фиксирано поле за физическо описани
Физическо описание ta
008 - Елементи от данни с фиксирана дължина
Елементи с фиксирана дължина 221104b bu |||||r|||| 00| | bu d
020 ## - Международен стандартен номер на книга ISBN
ISBN 9786197404470
040 ## - Източник на каталожния запис
Код на библиотеката BLK
041 ## - Код за език
Език Български
Език за КДБФ Български
080 ## - УДК
9 (RLIN) 239396
УДК текст Съдържание и форми на работа в предучилищното възпитание и в основното образование. Учебни предмети и учебници за начални и основни училища.
УДК код 373
УДК – код + определител 373
080 ## - УДК
9 (RLIN) 236273
УДК текст Педагогически принципи
УДК код 37.013.2
УДК – код + определител 37.013.2
084 ## - Класификационен индекс по друга класификация
Авторски знак Нац - Н 33
111 ## - Редна дума - Наименование на мероприятие, временен колективен автор, като основен търсещ признак (конференция, симпозиум и др.)
9 (RLIN) 489711
Временен колектив/конференция Национална научно-практическа конференция "75 години световна организация ОМЕП: предучилищното образование в България в перспективата на международния педагогически опит"
245 ## - Сведения за заглавието
Заглавие Сборник с доклади
Подзаглавни данни От Национална научно-практическа конференция "75 години световна организация ОМЕП: предучилищното образование в България в перспективата на международния педагогически опит"(16-17 март 2023 г., гр. Русе)
260 ## - Област на издателските данни
9 (RLIN) 212696
Място на издаване Русе
Име на издателя Рег. библ. Любен Каравелов
Година на издаване 2023
Печатница Печатна база при РУ "Ангел Кънчев"
300 ## - Физическа характеристика
Брой страници 330 с.
Размер 23 см
380 ## - Жанр
Жанр Обществени науки
650 #0 - Допълнително описание по предмет – тема
9 (RLIN) 268557
Предметна рубрика Предучилищно образование
852 ## - Местоположение
Отдел Заемна - подръчен фонд
Систематично-азбучна сигнатура 37/Н 33
856 ## - Електронен адрес и достъп
Инструкция (цена за достъп) 0.00
Права за достъп Достъп само през служебен интерфейс
Електронен формат pdf - файл
Път до файла (ресурса) http://185.138.176.146:18082/cgi-bin/koha/opac-retrieve-file.pl?id=f42349b26a3823ebe21d8aa3e83d9b45
Допълнителна информация (Корица, съдържание, пълен текст, звуков файл, HTML файл) Електронна книга
942 ## - АРТИКУЛИ
Вид на библиотечния документ Книги
Скрит в OPAC Не
944 ## - СЪЗДАВАНЕ И РЕДАКЦИЯ на ЗАПИСА
Дата на регистрацията/редакция Моника Янева
Служител, извършил регистрацията/редакцията 30560
Номер на служител Геновева Генчева
999 ## - СИСТЕМНИ КОНТРОЛНИ НОМЕРА
Koha biblionumber 497954
Koha biblioitemnumber 497954
Наличности
Код за отписване Код за изгубен артикул Източник на класификационната схема Код за повреда Коз за рестрикции Код за отдаване Артикулен № Име на библиотеката - собственик Име на библиотеката, в която се намира в момента Статус (Текущо местоположение) Дата на вписване в системата Местоположение - отдел Цена в лева Инвентарен номер Систематично азбучна сигнатура Баркод Цена в евро Служебен тип на артикула
  Не е изгубен Universal Decimal Classification Не е повреден само за читалня ползва се в читалня 940276 Регионална библиотека "Любен Каравелов" Русе Регионална библиотека "Любен Каравелов" Русе Хранилище 2024-02-26 Основен фонд - ползва се само за читалня 10.00 120000899304 Цб 321664 120000899304 5.11 Книги
  Не е изгубен Universal Decimal Classification Не е повреден   заемане за дома 941669 Регионална библиотека "Любен Каравелов" Русе Регионална библиотека "Любен Каравелов" Русе Заемна - подръчен фонд 2024-03-20 Заемна - подръчен фонд 15.00 120000900697 37/Н 33 120000900697 7.67 Книги
Vip Innovations Ltd, Rousse, Bulgaria 2025